[Event "Penang op 6th"]
[Site "Penang"]
[Date "2014.12.12"]
[Round "8"]
[White "Loo, Swee Leong"]
[Black "Hng, Mei En Emmanuelle"]
[Result "1-0"]
[WhiteElo "2119"]
[BlackElo "1677"]
[PlyCount "79"]
[EventDate "2014.12.08"]
[EventType "swiss"]
[EventRounds "9"]
[EventCountry "MAS"]
[SourceTitle "CBM 163 Extra"]
[Source "ChessBase"]
[SourceDate "2014.12.23"]
[SourceVersion "1"]
[SourceVersionDate "2014.12.23"]
[SourceQuality "1"]

1. f4 g6 2. Nf3 Bg7 3. d3 c5 4. e3 Nc6 5. Be2 d5 6. 0-0 e6 7. Qe1 Nge7 8. e4 Nd4 9. Bd1 0-0 10. Nc3 Nec6 11. Kh1 b6 12. Qg3 Bb7 13. Qh3 Nxf3 14. Bxf3 Nd4 15. Bd1 b5 16. e5 b4 17. Ne2 Nf5 18. Ng3 Qc7 19. Bd2 f6 20. Nxf5 exf5 21. d4 fxe5 22. dxe5 a5 23. Bf3 Rad8 24. Rfd1 g5 25. fxg5 Qxe5 26. c3 f4 27. Qh4 Qc7 28. Rac1 Qf7 29. Re1 d4 30. g6 hxg6 31. Re7 Qxa2 32. Rxb7 dxc3 33. Bxf4 Rd4 34. Rxg7+ Kxg7 35. Be5+ Kf7 36. Qf6+ Ke8 37. Bc6+ Rd7 38. Bxd7+ Kxd7 39. Rd1+ Kc8 40. Qc6# 1-0

[Event "Penang op 6th"]
[Site "Penang"]
[Date "2014.12.11"]
[Round "6"]
[White "Loo, Swee Leong"]
[Black "Tan, Jun Ying"]
[Result "0-1"]
[WhiteElo "2119"]
[BlackElo "1712"]
[PlyCount "102"]
[EventDate "2014.12.08"]
[EventType "swiss"]
[EventRounds "9"]
[EventCountry "MAS"]
[SourceTitle "CBM 163 Extra"]
[Source "ChessBase"]
[SourceDate "2014.12.23"]
[SourceVersion "1"]
[SourceVersionDate "2014.12.23"]
[SourceQuality "1"]

1. d4 Nf6 2. Nf3 e6 3. Bg5 h6 4. Bxf6 Qxf6 5. Nbd2 d6 6. g3 g6 7. Bg2 Bg7 8. 0-0 0-0 9. c3 Nc6 10. e3 e5 11. d5 Nb8 12. a4 Nd7 13. b4 Qe7 14. e4 f5 15. Nh4 Qe8 16. exf5 gxf5 17. Bh3 Nf6 18. Bxf5 Nxd5 19. Qb3 Be6 20. Bxe6+ Qxe6 21. Ng6 Rfe8 22. Rfe1 c6 23. Nh4 Nf6 24. Qxe6+ Rxe6 25. f4 e4 26. f5 Ree8 27. h3 d5 28. g4 Nd7 29. Ra3 Ne5 30. Ng2 Bf6 31. Kh1 Nf3 32. Re2 Bg5 33. Nb3 b6 34. Nd4 Nxd4 35. cxd4 a5 36. Rb3 axb4 37. Rxb4 c5 38. Rxb6 cxd4 39. h4 d3 40. Reb2 d2 41. Rb1 e3 42. hxg5 e2 43. Rg6+ Kf8 44. Rf6+ Ke7 45. Re6+ Kd7 46. Rxe2 Rxe2 47. gxh6 Rc8 48. Rb7+ Rc7 49. h7 d1Q+ 50. Kh2 Rxg2+ 51. Kxg2 Qxg4+ 0-1

[Event "Penang op 6th"]
[Site "Penang"]
[Date "2014.12.10"]
[Round "4"]
[White "Loo, Swee Leong"]
[Black "Ng, Jen Sheng"]
[Result "1/2-1/2"]
[WhiteElo "2119"]
[BlackElo "1792"]
[PlyCount "40"]
[EventDate "2014.12.08"]
[EventType "swiss"]
[EventRounds "9"]
[EventCountry "MAS"]
[SourceTitle "CBM 163 Extra"]
[Source "ChessBase"]
[SourceDate "2014.12.23"]
[SourceVersion "1"]
[SourceVersionDate "2014.12.23"]
[SourceQuality "1"]

1. d4 d5 2. Nf3 Nf6 3. c3 c5 4. Bf4 Qb6 5. Qb3 c4 6. Qxb6 axb6 7. Na3 Bd7 8. Nc2 Nc6 9. g3 e6 10. Bg2 b5 11. a3 Na5 12. 0-0 Nb3 13. Rad1 Bc6 14. Na1 Nxa1 15. Rxa1 Nd7 16. Rae1 f6 17. Bc1 Kf7 18. Bh3 Bd6 19. Bf4 Be7 20. Bc1 Bd6 1/2-1/2

[Event "Penang op 6th"]
[Site "Penang"]
[Date "2014.12.08"]
[Round "1"]
[White "Chan, Kim Yew"]
[Black "Loo, Swee Leong"]
[Result "1/2-1/2"]
[WhiteElo "1514"]
[BlackElo "2119"]
[PlyCount "125"]
[EventDate "2014.12.08"]
[EventType "swiss"]
[EventRounds "9"]
[EventCountry "MAS"]
[SourceTitle "CBM 163 Extra"]
[Source "ChessBase"]
[SourceDate "2014.12.23"]
[SourceVersion "1"]
[SourceVersionDate "2014.12.23"]
[SourceQuality "1"]

1. c4 e6 2. g3 f5 3. Bg2 Nf6 4. d3 Be7 5. Nc3 0-0 6. e4 fxe4 7. dxe4 Nc6 8. Nf3 d6 9. 0-0 Qe8 10. Nb5 Bd8 11. e5 dxe5 12. Re1 Nd7 13. Bg5 a6 14. Bxd8 Qxd8 15. Nc3 Qe7 16. Ne4 Rd8 17. Qc2 Nf8 18. Rad1 Bd7 19. Qc3 Ng6 20. h4 Be8 21. Bh3 Bf7 22. Neg5 Rxd1 23. Rxd1 h6 24. Ne4 Rd8 25. Re1 Qb4 26. h5 Nf8 27. Nxe5 Qxc3 28. Nxc3 Nxe5 29. Rxe5 Rd2 30. Na4 Nd7 31. Re3 b5 32. cxb5 axb5 33. Nc3 Rxb2 34. Bxe6 Bxe6 35. Rxe6 Nf6 36. Re2 Rxe2 37. Nxe2 c5 38. Nf4 b4 39. Nd3 Nd7 40. Kf1 Kf7 41. Ke2 Ke6 42. Nf4+ Kd6 43. Kd3 Ne5+ 44. Ke4 Ng4 45. Nd3 Nf6+ 46. Kf5 Nxh5 47. Kg6 Nf6 48. Kxg7 Ng4 49. f3 Ne5 50. Ne1 c4 51. Kxh6 Nd3 52. Nc2 Kc5 53. g4 Ne5 54. g5 Nxf3 55. g6 Nh4 56. g7 Nf5+ 57. Kg6 Nxg7 58. Kxg7 b3 59. axb3 cxb3 60. Na3 Kb4 61. Nb1 b2 62. Kf6 Kb3 63. Ke5 1/2-1/2

[Event "Penang op-A 5th"]
[Site "Penang"]
[Date "2013.12.12"]
[Round "7"]
[White "Loo, Swee Leong"]
[Black "Sonjaya, Deni"]
[Result "0-1"]
[WhiteElo "2137"]
[BlackElo "2292"]
[PlyCount "172"]
[EventDate "2013.12.09"]
[EventType "swiss"]
[EventRounds "9"]
[EventCountry "MAS"]
[SourceTitle "CBM 157 Extra"]
[Source "ChessBase"]
[SourceDate "2013.12.19"]
[SourceVersion "1"]
[SourceVersionDate "2013.12.19"]
[SourceQuality "1"]

1. d4 f5 2. Nf3 Nf6 3. Bg5 Ne4 4. Bf4 c5 5. c3 cxd4 6. cxd4 Qb6 7. Qb3 Qxb3 8. axb3 Nc6 9. e3 e6 10. Be2 Bb4+ 11. Kf1 0-0 12. Bd3 d5 13. Ke2 Bd7 14. Ne5 Nxe5 15. Bxe5 Rfc8 16. f3 Ng5 17. Na3 Nf7 18. Bg3 a6 19. Rhc1 Nd8 20. Nc2 Be7 21. Kd1 Kf8 22. Na3 Nc6 23. Nc2 Kf7 24. Ke2 g5 25. Be1 h5 26. Bc3 g4 27. f4 Na7 28. Na3 Rc6 29. Ba5 Rac8 30. Kd1 h4 31. Rxc6 Nxc6 32. Bd2 Nb4 33. Be2 Rc6 34. Bc3 Rb6 35. Kd2 Kg6 36. Bf1 Nc6 37. Kc2 Bd6 38. Be2 Ne7 39. Nb1 Bb5 40. Bxb5 Rxb5 41. Nd2 Rb6 42. Nb1 Ng8 43. Nd2 Nf6 44. Rd1 Rc6 45. Kd3 Kf7 46. Ra1 Ke8 47. Rd1 Kd7 48. Ra1 Be7 49. Ra2 Bd6 50. Ra1 Rc8 51. Ra2 Nh5 52. Ra1 Bxf4 53. exf4 Nxf4+ 54. Ke3 Nxg2+ 55. Kf2 Nf4 56. Rf1 Nh3+ 57. Kg2 Ng5 58. Rf4 a5 59. Rf2 b6 60. Re2 Nh3 61. Re3 Nf4+ 62. Kf2 Ng6 63. Re1 Ne7 64. Nf1 Ng6 65. Re2 Nf4 66. Re3 Nh3+ 67. Kg2 Ng5 68. Nd2 b5 69. Bxa5 Rc2 70. Kf1 Rxb2 71. Bc3 Rc2 72. Bb4 h3 73. Kg1 f4 74. Re5 Nf7 75. Rh5 e5 76. Rh4 Rc1+ 77. Nf1 Ng5 78. Rh5 Nf3+ 79. Kf2 Rc2+ 80. Nd2 Nxd2 81. Bxd2 Rxd2+ 82. Kg1 e4 83. Rxd5+ Kc6 84. Rc5+ Kd6 85. Rf5 e3 86. Rxf4 Rd1+ 0-1

[Event "Penang op-A 5th"]
[Site "Penang"]
[Date "2013.12.11"]
[Round "4"]
[White "Loo, Swee Leong"]
[Black "Lim, Kian Hwa"]
[Result "1-0"]
[WhiteElo "2137"]
[BlackElo "1918"]
[PlyCount "68"]
[EventDate "2013.12.09"]
[EventType "swiss"]
[EventRounds "9"]
[EventCountry "MAS"]
[SourceTitle "CBM 157 Extra"]
[Source "ChessBase"]
[SourceDate "2013.12.19"]
[SourceVersion "1"]
[SourceVersionDate "2013.12.19"]
[SourceQuality "1"]

1. d4 d5 2. Nf3 Nf6 3. c3 Nbd7 4. Bf4 g6 5. Nbd2 Bg7 6. e3 0-0 7. Be2 c6 8. 0-0 h6 9. h3 Kh7 10. b4 Ng8 11. Nb3 b6 12. a4 a5 13. bxa5 bxa5 14. c4 dxc4 15. Bxc4 Ba6 16. Rc1 f6 17. Bxa6 Rxa6 18. Nc5 Nxc5 19. Rxc5 e6 20. Qc2 Qd7 21. Re1 Ne7 22. Bg3 Rc8 23. Qe4 Ra7 24. Qc2 Ra6 25. h4 Bf8 26. h5 Kg7 27. hxg6 Nxg6 28. Rc4 Bd6 29. Bxd6 Qxd6 30. d5 exd5 31. Rg4 f5 32. Qxf5 Rf8 33. Qd3 c5 34. Nh4 c4 1-0

[Event "Penang op-A 5th"]
[Site "Penang"]
[Date "2013.12.11"]
[Round "5"]
[White "Loo, Swee Leong"]
[Black "Menkinoski, Riste"]
[Result "0-1"]
[WhiteElo "2137"]
[BlackElo "2359"]
[PlyCount "76"]
[EventDate "2013.12.09"]
[EventType "swiss"]
[EventRounds "9"]
[EventCountry "MAS"]
[SourceTitle "CBM 157 Extra"]
[Source "ChessBase"]
[SourceDate "2013.12.19"]
[SourceVersion "1"]
[SourceVersionDate "2013.12.19"]
[SourceQuality "1"]

1. d4 Nf6 2. Nf3 e6 3. Bg5 c5 4. e3 Be7 5. Nbd2 Nc6 6. c3 d5 7. Bd3 Nd7 8. Bf4 Qb6 9. Rb1 Bf6 10. 0-0 0-0 11. Ng5 g6 12. Qg4 Bg7 13. Qh4 h6 14. Ngf3 h5 15. g4 Bf6 16. Bg5 Bxg5 17. Nxg5 Kg7 18. gxh5 Rh8 19. Qf4 Nd8 20. hxg6 f6 21. Nh7 e5 22. dxe5 Nxe5 23. Bc2 Bh3 24. Nf3 Qe6 25. Kh1 Bxf1 26. Rxf1 Nxf3 27. Qxf3 Nc6 28. Rg1 Ne5 29. Qh5 d4 30. Bf5 Qd5+ 31. e4 Qxa2 32. f4 Nd3 33. e5 Qd5+ 34. Rg2 Qxg2+ 35. Kxg2 Nxf4+ 36. Kf3 Nxh5 37. e6 dxc3 38. bxc3 a5 0-1

[Event "Penang op 4th"]
[Site "Penang"]
[Date "2012.12.12"]
[Round "3"]
[White "Ajeet Singh, Roshan"]
[Black "Loo, Swee Leong"]
[Result "1/2-1/2"]
[WhiteElo "2017"]
[BlackElo "2147"]
[PlyCount "104"]
[EventDate "2012.12.11"]
[EventType "swiss"]
[EventRounds "9"]
[EventCountry "MAS"]
[SourceTitle "EXT 2014"]
[Source "ChessBase"]
[SourceDate "2013.11.20"]
[SourceVersion "1"]
[SourceVersionDate "2013.11.20"]
[SourceQuality "1"]

1. d4 e6 2. Nf3 f5 3. c4 Nf6 4. g3 d5 5. Bg2 c6 6. 0-0 Bd6 7. b3 Nbd7 8. Ba3 Bxa3 9. Nxa3 0-0 10. Nc2 Qe8 11. Nce1 dxc4 12. bxc4 e5 13. e3 exd4 14. exd4 Nb6 15. Rc1 Be6 16. Ne5 Rd8 17. N1f3 Qh5 18. a4 Nbd7 19. Nd3 g5 20. Re1 Bf7 21. Qb3 Rb8 22. Nfe5 Nxe5 23. dxe5 Ne4 24. f3 b5 25. fxe4 bxc4 26. Qc2 cxd3 27. Qxd3 fxe4 28. Bxe4 Rfd8 29. Qe2 Qxe2 30. Rxe2 Bd5 31. Bxd5+ cxd5 32. Rc7 d4 33. Rxa7 d3 34. Rd2 Rb1+ 35. Kf2 Rh1 36. Kg2 Re1 37. Ra5 g4 38. Kf2 Re4 39. e6 Rf8+ 40. Kg2 Rd8 41. Rg5+ Kf8 42. a5 Ke7 43. Rg7+ Kxe6 44. Rxh7 Ke5 45. a6 Kd4 46. a7 Ree8 47. Ra2 Ke3 48. Rb7 d2 49. Rb3+ Ke2 50. Rbb2 Rf8 51. a8Q Rf2+ 52. Kg1 Rf1+ 1/2-1/2

[Event "Penang op 4th"]
[Site "Penang"]
[Date "2012.12.11"]
[Round "1"]
[White "Dutton, Lucas Matthew"]
[Black "Loo, Swee Leong"]
[Result "1/2-1/2"]
[WhiteElo "1660"]
[BlackElo "2147"]
[PlyCount "120"]
[EventDate "2012.12.11"]
[EventType "swiss"]
[EventRounds "9"]
[EventCountry "MAS"]
[SourceTitle "EXT 2014"]
[Source "ChessBase"]
[SourceDate "2013.11.20"]
[SourceVersion "1"]
[SourceVersionDate "2013.11.20"]
[SourceQuality "1"]

1. e4 c6 2. d4 d5 3. exd5 cxd5 4. Bd3 Nc6 5. c3 Nf6 6. Bf4 g6 7. Nd2 Bg7 8. h3 0-0 9. Ngf3 Bf5 10. Bxf5 gxf5 11. 0-0 Ne4 12. Ne5 f6 13. Nxc6 bxc6 14. Nxe4 fxe4 15. Qg4 Qc8 16. Qg3 Qe8 17. f3 exf3 18. Rxf3 e5 19. Bh6 Qg6 20. Bxg7 Qxg7 21. Qh4 Kh8 22. Raf1 e4 23. Rxf6 Rxf6 24. Qxf6 Rc8 25. Qe6 Rg8 26. g4 Qg5 27. Qe5+ Qxe5 28. dxe5 Re8 29. Rf5 Kg7 30. Kf2 Re6 31. g5 c5 32. Ke3 a5 33. c4 dxc4 34. Kxe4 Rb6 35. Rf2 a4 36. a3 h6 37. gxh6+ Rxh6 38. Kd5 Rxh3 39. Kxc4 Re3 40. Kd5 c4 41. Rc2 c3 42. Rxc3 Re2 43. Rc4 Rxb2 44. Rxa4 Kf7 45. e6+ Ke7 46. Ra7+ Ke8 47. Ra5 Ke7 48. Ra7+ Ke8 49. Ra4 Ke7 50. Rb4 Rd2+ 51. Ke5 Re2+ 52. Kf5 Rf2+ 53. Ke5 Re2+ 54. Kd5 Rd2+ 55. Kc6 Rc2+ 56. Kb6 Kxe6 57. a4 Kd7 58. a5 Kc8 59. Ka7 Rc1 60. a6 Kc7 1/2-1/2

[Event "Penang op 4th"]
[Site "Penang"]
[Date "2012.12.11"]
[Round "2"]
[White "Loo, Swee Leong"]
[Black "Ng, Jen Sheng"]
[Result "1-0"]
[WhiteElo "2147"]
[BlackElo "1543"]
[PlyCount "117"]
[EventDate "2012.12.11"]
[EventType "swiss"]
[EventRounds "9"]
[EventCountry "MAS"]
[SourceTitle "EXT 2014"]
[Source "ChessBase"]
[SourceDate "2013.11.20"]
[SourceVersion "1"]
[SourceVersionDate "2013.11.20"]
[SourceQuality "1"]

1. d4 d5 2. Nf3 Nf6 3. c3 c6 4. Bg5 Bf5 5. Qb3 Qc7 6. e3 Nbd7 7. c4 Bxb1 8. Rxb1 Ne4 9. Qc2 Qa5+ 10. b4 Qb6 11. c5 Qd8 12. Bh4 a5 13. b5 a4 14. b6 a3 15. Bd3 Ndf6 16. Bxf6 Nxf6 17. 0-0 e6 18. Rb3 Ra4 19. Qc3 Qa8 20. Nd2 Be7 21. Nb1 Nd7 22. f4 0-0 23. Nd2 f6 24. Qc2 h6 25. Nf3 e5 26. Bh7+ Kh8 27. Bf5 Rc4 28. Qe2 Rd8 29. Bxd7 Rxd7 30. fxe5 Rd8 31. Qd3 Kg8 32. Rxa3 Ra4 33. Rxa4 Qxa4 34. Qb3 Ra8 35. Qxa4 Rxa4 36. Rf2 fxe5 37. Nxe5 Bg5 38. Re2 Bf6 39. Nf3 Kf7 40. Kf2 Ke6 41. Rc2 Ra3 42. g4 h5 43. g5 Be7 44. h4 Kf5 45. Ke2 Ke4 46. Nd2+ Kf5 47. Kf3 g6 48. Nf1 Rd3 49. Rd2 Rxd2 50. Nxd2 Bxg5 51. hxg5 Kxg5 52. e4 dxe4+ 53. Nxe4+ Kf5 54. d5 cxd5 55. Ng3+ Ke5 56. c6 bxc6 57. b7 Ke6 58. b8Q c5 59. Qf4 1-0

[Event "Kuala Lumpur op 7th"]
[Site "Kuala Lumpur"]
[Date "2010.09.01"]
[Round "1"]
[White "Loo, Swee Leong"]
[Black "Xiu, Deshun"]
[Result "0-1"]
[WhiteElo "2147"]
[BlackElo "2521"]
[PlyCount "60"]
[EventDate "2010.09.01"]
[EventType "swiss"]
[EventRounds "9"]
[EventCountry "MAS"]
[SourceTitle "CBM 138 Extra"]
[Source "ChessBase"]
[SourceDate "2010.10.29"]
[SourceVersion "1"]
[SourceVersionDate "2010.10.29"]
[SourceQuality "1"]

1. d4 Nf6 2. Nf3 d5 3. c3 Bf5 4. Qb3 Qc8 5. Bg5 Nbd7 6. e3 e6 7. c4 c6 8. Nc3 Bd6 9. Be2 0-0 10. 0-0 Qb8 11. g3 dxc4 12. Bxc4 a6 13. Rfe1 c5 14. Bxf6 Nxf6 15. dxc5 Bxc5 16. Na4 Rc8 17. Nxc5 Rxc5 18. Nd4 Bg6 19. Bd3 Qc7 20. Bxg6 hxg6 21. Ne2 Rb5 22. Qa3 Ng4 23. h3 Ne5 24. Nd4 Rc5 25. Nb3 Nf3+ 26. Kf1 Rc2 27. Rec1 Qc4+ 28. Kg2 Qe4 29. Kf1 Rac8 30. Qd6 Nd4 0-1